000 00660nam a2200217Ia 4500
003 OSt
005 20220925232535.0
006 a|||||r|||| 00| 0
007 ta
008 220923b |||||||| |||| 00| 0 eng d
037 _cGeneral Book
040 _aRTL
_cRTL
_beng
041 _2eng
_aeng
082 _aX9(J):77.235.N9, N9
100 _aSawant S.D.
_9297422
245 0 _aAgricultural development in Maharashtra problems and prospects
260 _aMumbai
_bNational Banks for agriculture and rular development
_c1999
300 _a175p
_ccm.
942 _hX9(J):77.235.N9, N9
_cGB
_2CC
999 _c591557
_d591557